zpět

Detail výsledku týmu

Záložna ST, Pardubice

Datum a čas kvízu

31 Celkem bodů Celkový počet nahraných bodů na tomto kvízu bez doplňovacích otázek.
7. Pořadí na kvízu Konečné umístění týmu na tomto kvízu.

Zaznamenané odpovědi

# Otázka Odpověď Body Výsledky
1. V pátek bylo překlenuto Labe p... Pardubice 1
2. Ve středu večer způsobil jeden... D) tráva 0
3. Který známý youtuber minulý tý... MrBeast 1
4. Ve čtvrtek večer musela být ne... ve Francii 1
5. Tento 24letý český basketbalis... Vít Krejčí 1
6. Které tvrzení o starokladrubsk... B 0
7. Ze kterého prostředí pochází k... A 1
8. Kterým jedenáctipísmenným slov... hipoterapie 1
9. Kam byste správně koni umístil... A 1
10. Koně jsou s člověkem spojení j... Moravskoslezský kraj 0